| 000 | 00322nam a2200121Ia 4500 | ||
|---|---|---|---|
| 008 | 190216s9999||||xx |||||||||||||| ||und|| | ||
| 100 | _aVermani O P & Narula | ||
| 245 | 0 | _aApplied Chemistry Theory And Practice | |
| 260 |
_bNew Age International Publishers _c2001 |
||
| 300 | _a322p | ||
| 650 | _aChemistry | ||
| 942 | _cBK | ||
| 999 |
_c3120 _d3120 |
||